000 01755cam a22004694i 4500
003 PE-LiUPU
005 20250731173343.0
008 150706s2008 sp r 000 0 spa d
020 _a9780745952369
035 _a(Sirsi) i9780745952369
040 _aPE-LiUPU
_bspa
_cPE-LiUPU
_erda
049 _aPRUA
082 0 4 _a227.07
_bW19
_221
100 1 _aWalker, Peter,
_eautor.
245 1 0 _aTras los pasos de San Pablo /
_cPeter Walker.
264 1 _aOxford :
_bCIDEP,
_c2008.
300 _a214 páginas :
_bilustraciones ;
_c25 centímetros
336 _atext
_2rdacontent
337 _aunmediated
_2rdamedia
338 _avolume
_2rdacarrier
504 _aIncluye lecturas adicionales.
505 0 _aMapa de mundo romano -- Las cartas de San Pablo -- Damasco -- Tarso -- Antioquía sobre el Orontes -- Chipre -- Panfilia -- Galacia -- Macedonia -- Atenas -- Corinto -- Éfeso y Mileto -- Jerusalén -- Cesarea -- Malta -- Roma.
526 _aSEG42
526 _aSEG41
526 _aSEG40
526 _aSEG39
526 _aP94
526 _aP87
526 _aP86
526 _aP85
526 _aP77
526 _aP76
526 _aP35
541 _g007-0020318;
600 1 _aPablo, Santo
910 _agl
_bjv
_clch
_d20091009
942 _2ddc
_cBOOK
949 _a227.07 W19
_wDEWEY
_c1
_i60373
_d2016-10-7
_e2016-10-6
_lCCODEBUL1
_mBUL
_n2
_p20.00
_r0
_sY
_tBOOK
_u2015-7-6
_xTEOLOGIA
_zUNKNOWN
_0COMPRA
_o.STAFF. Colección Teología
994 _aC0
_bPEPRU
596 _a1
999 _a227.07 W19
_wDEWEY
_c49828
_i60373
_d49828
_e2016-10-6
_f2021-11-9
_g5
_lCCODEBUL1
_mBUL
_n2
_p20.00
_q4
_r0
_sY
_tBOOK
_u2015-7-6
_xTEOLOGIA
_PP35
_0COMPRA
_o.STAFF. Colección Teología
980 _81
_gALBERTO SANCHEZ Responsable de Automatización